Online Catalogue and eLibrary

Thamilar adaiyalankal (Record no. 4160)

MARC details
000 -LEADER
fixed length control field 00452nam a2200181Ia 4500
005 - DATE AND TIME OF LATEST TRANSACTION
control field 20250325050314.0
008 - FIXED-LENGTH DATA ELEMENTS--GENERAL INFORMATION
fixed length control field 240331s9999 xx 000 0 und d
082 ## - DDC Classification
Item Number - Author Mark RAM
Class No. 894
100 ## - MAIN ENTRY--PERSONAL NAME
Personal name Ramanathan, R
245 #0 - TITLE STATEMENT
Title Thamilar adaiyalankal
260 ## - PUBLICATION, DISTRIBUTION, ETC.
Place of publication, distribution, etc. Chennai
Name of publisher, distributor, etc. Thanaane
Date of publication, distribution, etc. 2004
300 ## - PHYSICAL DESCRIPTION
Extent (e.g. Volumes, Pages etc.) 213 p.,
650 ## - SUBJECT ADDED ENTRY--TOPICAL TERM
Topical term or geographic name entry element marabu vali unavu
650 ## - SUBJECT ADDED ENTRY--TOPICAL TERM
Topical term or geographic name entry element kalai ilakkiyam
650 ## - SUBJECT ADDED ENTRY--TOPICAL TERM
Topical term or geographic name entry element valippadu
650 ## - SUBJECT ADDED ENTRY--TOPICAL TERM
Topical term or geographic name entry element marabuvali ariviyal tholi nootpam
942 ## - Koha item type (Biblio)
Koha item type Books in Stacks (Lending)
Holdings
Lost status Damaged status Collection code Home library Current library Shelving location Date acquired Full call number Accession Number Item type
    Lending WERC Library WERC Library Social Science Cupboard 03/31/2024 894.811 RAM 1987 Books in Stacks (Lending)

© WERC Library